000 00422cam a2200169ua 4500
020 _c1.50
041 _amal
_h
082 _a894.812308
_bABD/CH
100 _aAbdul Khader, Vakkom .
245 _aChitra mandapam /
_cVakkam Abdul Khader.
_hTextual Documents
260 _aEdava :
_bPeoples publishing house ,
_c1959.
300 _a107 ; .
365 _a1.50
504 _a
942 _cBK
999 _c6130
_d6130